Pferd oder Taube? - Statistiken

Allgemein
  • Dieses Quiz wurde 389 mal gespielt
  • Das Durchschnittsergebnis liegt bei 12 aus 18
Antwortstatistiken
Hint Antwort % Korrekt
Friese Pferd
89%
Tinker Pferd
79%
Lusitano Pferd
78%
Ardenner Pferd
77%
Missouri Foxtrotter Pferd
77%
Bakina Taube
73%
Clydesdale Pferd
72%
Berner Gugger Taube
72%
Schautippler Taube
71%
Berber Pferd
65%
Carrier Taube
64%
Percheron Pferd
61%
Modeneser Taube
61%
Strasser Taube
61%
Altholländischer Kapuziner Taube
55%
Suffolk Punch Pferd
49%
Texaner Taube
37%
Show Racer Taube
37%
Keine übereinstimmenden Quizze gefunden
Verteilung der Resultate
Anzahl Personen mit jedem Resultat
Perzentil nach korrekt beantworteten Fragen
Ihre Resultats-Entwicklung
Sie haben dieses Quiz noch nicht gespielt